000 00474nam a2200169Ia 4500
005 20250923144456.0
008 008 250917s9999 xx 000 0 eng d
037 _aReference
040 _aDSWL
_beng
_cDSWL
041 _aeng
_2eng
084 _qDSWL
245 0 _a1939 session selected papers
_cby National Conference of Social Work
260 _aChicago
_bUniversity of Chicago Press USA
_c1939
300 _axi,655p.
942 _cREF
999 _c1439359
_d1439359